[Event "RUS-chT Blitz Men 2018"]
[Site "Sochi"]
[Date "2018.10.10"]
[Round "15"]
[White "Maletin, Pavel"]
[Black "Okun, Evgeny"]
[Result "1-0"]
[WhiteElo "2586"]
[BlackElo "2163"]
[Annotator "TA"]
[PlyCount "76"]
[EventDate "2018.10.10"]
[EventType "swiss"]
[EventCountry "RUS"]
[SourceTitle "playchess.com"]
[Source "ChessBase"]
[SourceQuality "1"]

{[%evp 9,76,32,30,20,41,33,39,-5,0,-10,-4,-41,-39,-45,-33,-42,-27,-25,-26,-27,0,0,0,0,7,4,7,0,17,0,5,0,101,108,107,98,125,154,531,520,525,506,527,282,279,273,395,285,278,104,137,114,127,123,567,552,555,545,1094,708,1131,880,860,743,833,823,29985,29986,29985]} 1. c4 e5 2. g3 Nc6 3. Nc3 Bc5 4. Bg2 a6 5. Nf3 (5. e3 d6 6. Nf3 Nf6 7. O-O O-O 8. h3 Ba7 9. d4 h6 10. dxe5 dxe5 11. Qxd8 Rxd8 12. b3 Be6 13. Ba3 Rd7 14. Rfd1 Rad8 15. Rxd7 Rxd7 {½-½ (41) Howell,D (2676)-Ponomariov,R (2694) Riadh 2017}) 5... d6 6. O-O {A25: English Opening vs King's Indian with ...Nc6 but without early d3} f5 7. e3 e4 8. Nh4 $146 {White is slightly better.} ({Predecessor:} 8. Ne1 Nf6 9. d4 exd3 10. Nxd3 Bb6 11. Bxc6+ bxc6 12. Qf3 {1-0 (60) Gonzalez Lopez,S (1763)-Gines Sanchez,J (1526) Madrid 2010}) 8... Nf6 $1 9. d4 Ba7 {next ...g5 is good for Black.} 10. Bh3 Ne7 $1 11. f4 O-O 12. Re1 g6 13. b4 Be6 14. Bf1 d5 15. c5 Bb8 16. a4 c6 17. Rb1 h6 18. b5 axb5 19. axb5 g5 20. Ng2 $1 b6 (20... Qe8 $11) 21. bxc6 $16 bxc5 22. dxc5 {[%cal Bd4c5,Bc5b6][%mdl 32]} Nxc6 23. Rb6 Qd7 $2 {[#]} (23... Qc8 $16) 24. Bb5 $18 Rc8 25. Ne2 Ba7 26. Bb2 Bxb6 27. cxb6 Ne8 (27... Kf7 $142) 28. fxg5 {[#] Hoping for Nd4.} hxg5 29. h4 $2 (29. Nd4 $18 {and the rest is easy.}) 29... Qb7 30. Bxc6 Rxc6 31. Qd4 {Black must now prevent Qh8+.} Qxb6 $2 {[%mdl 8192]} (31... Qg7 $16) 32. Qh8+ Kf7 33. hxg5 {[%cal Bh4g5,Bg5g6,Bg6g7][%mdl 32]} Rb8 34. Be5 Rb7 35. Nef4 Ke7 36. g6 Kd8 37. g7 Qb4 38. Nxe6+ Rxe6 {Precision: White = 58%, Black = 36%.} 1-0

[Event "RUS-chT Blitz Men 2018"]
[Site "Sochi"]
[Date "2018.10.10"]
[Round "15"]
[White "Rozum, Ivan"]
[Black "Babayan, Arman S."]
[Result "1-0"]
[WhiteElo "2573"]
[BlackElo "1673"]
[Annotator "TA"]
[PlyCount "189"]
[EventDate "2018.10.10"]
[EventType "swiss"]
[EventCountry "RUS"]
[SourceTitle "playchess.com"]
[Source "ChessBase"]
[SourceQuality "1"]

{[%evp 19,188,21,23,16,62,8,4,9,20,17,22,10,69,76,92,27,38,47,45,25,39,44,46,41,50,50,50,26,43,41,49,49,35,0,0,0,0,0,0,0,0,0,0,0,0,0,0,-153,0,0,93,0,0,0,0,-72,-8,-8,0,0,0,0,16,16,20,16,51,41,71,71,71,63,71,63,85,71,71,71,71,71,71,71,71,71,71,71,71,71,71,0,71,71,71,71,71,51,51,8,51,51,51,37,51,23,23,8,8,8,8,0,37,37,37,37,37,37,37,37,37,37,37,37,51,51,51,51,51,51,51,51,51,51,51,51,51,51,51,51,51,51,58,23,23,18,29960,29964,29963,29964,29965,29966,29961,29959,29961,29960,29970,29971,29972,29972,29972,29971,29970,29968,29967,29972,29972,29967,29975,29976,29976,29976,29999]} 1. e4 c5 2. Nf3 Nc6 3. Bb5 g6 4. Bxc6 dxc6 5. d3 Bg7 6. h3 Nf6 7. Nc3 O-O 8. Be3 b6 9. Qd2 Re8 10. O-O Qc7 {LiveBook: 3 Games. B31: Sicilian: 2...Nc6 3 Bb5 g6} (10... e5 11. Bh6 Nh5 12. Bxg7 Kxg7 13. Ne2 Qd6 14. g4 Nf6 15. Ng3 h6 16. a4 a5 17. Nh2 c4 18. Rad1 cxd3 19. Qxd3 Qxd3 20. Rxd3 {0-1 (60) Apicella,M (2501)-Genzling,A (2376) Cannes 2018}) 11. Bh6 (11. a4 {keeps more tension.} a5 12. Nh2 Ba6 13. f4 c4 14. e5) 11... Bh8 12. Qf4 $146 (12. e5 $14 Nd5 13. Rfe1) ({Predecessor:} 12. Ng5 Bg7 13. Bxg7 Kxg7 14. f4 Bd7 15. Rab1 e6 16. e5 Nd5 17. Nce4 h6 18. Nf3 {1-0 (40) Vujacic,B (2240)-Ugrcic,Z (2008) Novi Banovci 2017}) 12... Qxf4 $11 {The position is equal.} 13. Bxf4 Ba6 14. Be5 Rad8 15. a3 b5 (15... Bg7 $11) 16. b4 $14 c4 17. d4 ({Better is} 17. dxc4 $16 bxc4 18. Rfe1) 17... Bc8 18. a4 a6 19. axb5 cxb5 20. d5 Bb7 21. Rfe1 Nd7 22. Bxh8 Kxh8 23. Nd4 Nb6 24. Rad1 e6 25. dxe6 fxe6 26. Nf3 Rxd1 27. Rxd1 Na4 28. Nxa4 bxa4 $11 {[%mdl 4096] Endgame KRB-KRN} 29. Ng5 Re7 30. c3 h6 31. Nf3 Bxe4 32. Ne5 Kg7 33. Nxc4 $2 {[#]} (33. Ra1 $11) 33... Bc6 $2 (33... Rc7 $1 $17 {[%cal Rc7c4]} 34. Nb6 a3) 34. Na5 Bd5 (34... Be8 $11 {remains equal.}) 35. Ra1 (35. c4 $16 Be4 36. Rd2) 35... Rc7 36. c4 Bxc4 37. Rxa4 (37. Nxc4 $11 Rxc4 38. Rxa4) 37... Bb5 (37... Bd5 $17 {Threatening ...Rc1+.} 38. Ra1 Kf6) 38. Ra1 Rc2 39. Nb7 Rb2 40. Nc5 Rxb4 41. Nxe6+ Kf6 42. Nc7 Rb2 43. Nxa6 Bxa6 44. Rxa6+ $14 {KR-KR} Kg7 45. h4 Rb1+ 46. Kh2 Rb3 47. f3 h5 48. Kg3 Kh6 49. Re6 Ra3 50. Re2 Rd3 51. Kf2 Ra3 52. Rd2 Rb3 53. Kg3 Ra3 54. Re2 ({White should play} 54. Rd7 $16) 54... Rb3 (54... Rd3 $1 $11 {keeps the balance.}) 55. Kf4 Rb4+ 56. Re4 Rb2 57. g3 Rb8 58. Ke5 Re8+ 59. Kd4 Rf8 60. Rf4 Rd8+ 61. Ke5 Re8+ 62. Kf6 Rf8+ 63. Ke7 Ra8 64. Rf8 Ra7+ 65. Kf6 Ra6+ 66. Ke5 Ra5+ 67. Kf4 Ra4+ 68. Ke3 Ra3+ 69. Kf2 Ra2+ 70. Kf1 Rb2 71. Re8 Kg7 72. Re2 Rb1+ 73. Kf2 Rb3 74. Rd2 Rc3 75. Ke2 Ra3 76. Rd3 Ra2+ 77. Ke3 Ra4 78. Rd4 Ra3+ 79. Kf4 Ra8 80. g4 hxg4 81. fxg4 Rf8+ $2 {[%mdl 8192] [#]} (81... Kh6 $11) 82. Kg5 {White mates.} Rf7 83. Rd6 Ra7 84. Rxg6+ Kh7 85. Rf6 Ra5+ 86. Rf5 Ra1 87. h5 Rg1 88. Rf7+ Kg8 89. Rd7 Ra1 90. Re7 Kf8 91. Re5 Kg8 92. Kf6 Ra6+ 93. Re6 Ra1 94. Kg6 {[%cal Re6e8]} Rg1 95. Re8# {Precision: White = 51%, Black = 51%.} 1-0

[Event "RUS-chT Blitz Men 2018"]
[Site "Sochi"]
[Date "2018.10.10"]
[Round "15"]
[White "Bocharov, Ivan"]
[Black "Kretov, Evgenij"]
[Result "1/2-1/2"]
[WhiteElo "2563"]
[BlackElo "2219"]
[Annotator "TA"]
[PlyCount "157"]
[EventDate "2018.10.10"]
[EventType "swiss"]
[EventCountry "RUS"]
[SourceTitle "playchess.com"]
[Source "ChessBase"]
[SourceQuality "1"]

{[%evp 26,157,37,0,60,60,63,65,52,16,51,2,2,9,16,17,30,-8,-6,-9,35,0,19,27,25,0,0,0,0,0,0,-23,-1,0,20,13,208,201,350,354,304,276,256,220,469,469,562,425,310,0,127,0,0,0,0,0,0,0,0,0,0,0,0,0,0,0,0,0,0,0,0,0,0,0,0,0,0,0,0,0,0,0,0,0,0,0,0,0,0,0,0,0,0,0,0,0,0,0,0,0,0,0,0,0,0,0,0,0,0,0,0,0,0,0,0,0,0,0,0,0,0,0,0,0,0,0,0,0,0,0,0,0,0,0]} 1. e4 c5 2. Nf3 Nc6 3. d4 cxd4 4. Nxd4 g6 5. c4 Nf6 6. Nc3 d6 7. f3 Nxd4 8. Qxd4 Bg7 9. Be3 O-O 10. Qd2 Be6 11. Rc1 Qa5 12. Be2 Rfc8 13. b3 a6 14. O-O Nd7 {B36: Sicilian: Maroczy Bind: Gurgenidze System} ({Black should play} 14... b5 $11) 15. f4 $14 {[%cal Bf3f4,Bf4f5][%mdl 32]} Nc5 16. Bf3 Rab8 {[#] White is slightly better.} 17. f5 $146 ({Predecessor:} 17. Qc2 f5 18. Nd5 Qd8 19. Rcd1 fxe4 20. Bxe4 Bg4 21. Bf3 Bxf3 22. Rxf3 {1-0 (65) Caruana,F (2680)-Evdokimov,A (2564) Rijeka 2010}) 17... Bd7 18. Nd5 Qxd2 19. Bxd2 Bd4+ 20. Kh1 Re8 21. Bc3 Bxc3 22. Rxc3 f6 23. g4 b5 24. cxb5 Bxb5 25. Rfc1 Kf7 26. Kg2 Nd3 27. Rd1 {[#] Hoping for a4.} Ne5 28. Rc7 Rbc8 (28... Bc6 {feels hotter.} 29. Be2 Rbc8 30. Rxc8 Rxc8 31. Rc1 Rb8) 29. Rdc1 $36 {[%mdl 2048] White has the initiative.} Rxc7 30. Rxc7 gxf5 $2 (30... Bc6 $11) 31. gxf5 $18 Nxf3 (31... Kf8 $142 32. Bh5 Bd3) 32. Kxf3 $11 {[%mdl 4096] Endgame KRB-KRN} Bf1 33. b4 Bb5 34. Ke3 Bf1 $2 (34... Kf8 {was necessary.} 35. Kf4 h6) 35. a4 $18 Kf8 36. Rb7 Bc4 37. b5 $2 (37. Nc7 $18) 37... axb5 {[#]} (37... Bxd5 $1 $11 {keeps the balance.} 38. exd5 axb5) 38. axb5 (38. Nb6 $1 $16 Bf1 39. Nd7+ Kf7 40. axb5) 38... Bxd5 $1 $11 {The position is equal.} 39. exd5 {b6 is the strong threat. KR-KR} Ra8 40. b6 {Strongly threatening Ra7.} Ra1 41. Rc7 Rb1 42. b7 {aiming for Rc8+.} Kf7 43. Kf3 Rb4 44. Kg3 Rb3+ 45. Kg4 Rb4+ 46. Kh5 Rb3 47. Kg4 Rb4+ 48. Kf3 Rb3+ 49. Ke2 Rb2+ 50. Kd3 Rb3+ 51. Kc2 Rb6 52. Kc3 Rb1 53. h3 Rb6 54. Kd3 Rb3+ 55. Ke2 Rb2+ 56. Kf3 Rb3+ 57. Kg4 Rb4+ 58. Kh5 Rb3 59. Kh4 (59. h4 {is more complex.} Rb4 60. Rd7 Ke8 61. Rc7 Kf7) 59... Rb4+ 60. Kg3 Rb3+ 61. Kf2 Rb2+ 62. Ke3 Rb3+ 63. Kd4 Rb4+ 64. Kc3 Rb6 65. Rd7 Ke8 66. Rc7 {Threatens to win with Rc8+.} Kf7 67. h4 Rb1 68. Kd3 Rb3+ 69. Ke4 (69. Kc2 {is interesting.} Rb6 70. Rd7 Ke8 71. Rc7 Kf7) 69... Rb4+ 70. Kf3 Rb3+ 71. Kg4 Rb1 72. Kf3 Rb3+ 73. Ke2 $1 Rb2+ 74. Kd3 Rb3+ 75. Kc2 Rb6 76. h5 h6 77. Kc3 Rb5 78. Kc4 Rb6 79. Kd4 {Precision: White = 44%, Black = 63%.} 1/2-1/2

[Event "RUS-chT Blitz Men 2018"]
[Site "Sochi"]
[Date "2018.10.10"]
[Round "15"]
[White "Sychev, Klementy"]
[Black "Ponkratov, Pavel"]
[Result "1-0"]
[WhiteElo "2534"]
[BlackElo "2628"]
[Annotator "TA"]
[PlyCount "97"]
[EventDate "2018.10.10"]
[EventType "swiss"]
[EventCountry "RUS"]
[SourceTitle "playchess.com"]
[Source "ChessBase"]
[SourceQuality "1"]

{[%evp 15,97,46,45,6,2,6,16,21,25,21,21,36,32,30,73,21,31,31,27,27,19,20,40,0,0,0,0,-77,32,48,71,59,60,45,76,69,85,90,100,101,175,152,200,197,173,177,169,116,203,204,209,202,227,224,270,271,316,285,438,305,312,312,308,312,303,271,264,256,247,249,241,225,1656,1640,1606,0,600,0,1570,1545,29981,29982,29990,29991]} 1. e4 g6 2. d4 Bg7 3. Nc3 d5 4. exd5 Nf6 5. Bc4 Nbd7 6. Bb3 {B06: Modern Defence} Nb6 7. Nf3 O-O 8. O-O a5 {LiveBook: 31 Games. Threatening ...a4.} 9. Na4 $146 ({Predecessor:} 9. a4 Nbxd5 10. Nxd5 Nxd5 11. h3 c6 12. Re1 Be6 13. Ng5 Bf5 14. c3 {½-½ (60) Fedorchuk,S (2604)-Chatalbashev,B (2546) Ferreira do Alentejo 2018}) 9... Nxa4 10. Bxa4 Nxd5 11. c3 e6 12. Bg5 Qd6 13. Qd2 Nb6 14. Bc2 Nc4 15. Qc1 (15. Qe2 $16 Nb6 16. Bh4) 15... b5 $11 16. Be4 Rb8 17. b3 Nb6 $1 18. Bf4 Qd8 19. c4 bxc4 20. bxc4 Ba6 21. Bd3 {[#]} (21. Re1 $11 {keeps the balance.}) 21... Rc8 ({Much worse is} 21... Bxd4 22. Nxd4 Qxd4 23. Rd1 $11) (21... Bb7 $1 $17 22. c5 Nd5) 22. Rd1 $36 {[%mdl 2048] White is pushing.} Qe7 23. Rb1 Rfd8 24. Bg5 f6 25. Be3 Nd7 26. Qc3 Ra8 27. Be4 Rab8 (27... Rac8 $16 {was called for.}) 28. Rxb8 Nxb8 29. Qxa5 Bxc4 30. Rc1 Bd5 {[#]} 31. Rxc7 ({White should play} 31. Bxd5 $1 $18 Rxd5 32. Qa7 (32. Qxc7 Qxc7 33. Rxc7 Na6 $16) (32. Rxc7 Rxa5 33. Rxe7 Rxa2 $16)) 31... Qe8 (31... Nc6 $16) 32. Bxd5 $18 Rxd5 33. Qc3 Rd8 34. h3 Nd7 35. Qc6 Nf8 {If Black can now play ...Qxc6 this consolidates a bit.} 36. Qb7 Bh8 (36... Nd7 {is a better defense.} 37. d5 Bf8 38. dxe6 Qxe6) 37. Bh6 {Threatening mate with Rg7+!} Rd7 38. Bxf8 Rxc7 39. Qxc7 {Bh6 is the strong threat.} Kxf8 40. Qxh7 Bg7 41. Nh4 g5 42. Ng6+ Kf7 43. h4 {[%cal Bh3h4,Bh4h5,Bh5h6][%mdl 32] Strongly threatening h5.} Qb5 $2 (43... Qa4 44. hxg5 Qxd4) 44. Nh8+ Kf8 45. Ng6+ (45. h5 $142 Bxh8 46. Qxh8+ Kf7 47. Qh7+ Kf8 48. h6) 45... Kf7 {aiming for ...Qb1+.} 46. Nh8+ (46. h5 $142) 46... Kf8 47. h5 Qc4 48. Ng6+ Kf7 49. h6 {Precision: White = 69%, Black = 32%.} 1-0

[Event "RUS-chT Blitz Men 2018"]
[Site "Sochi"]
[Date "2018.10.10"]
[Round "15"]
[White "Afanasiev, Nikita"]
[Black "Shcherbakov, Ruslan"]
[Result "1/2-1/2"]
[WhiteElo "2487"]
[BlackElo "2516"]
[Annotator "TA"]
[PlyCount "72"]
[EventDate "2018.10.10"]
[EventType "swiss"]
[EventCountry "RUS"]
[SourceTitle "playchess.com"]
[Source "ChessBase"]
[SourceQuality "1"]

{[%evp 18,72,17,12,31,23,32,23,67,37,55,50,56,41,56,41,31,-29,56,47,54,25,25,4,8,14,14,19,21,16,56,-43,0,-47,-39,-144,-135,-140,-145,-193,-142,-147,-137,-143,-129,-121,-117,-112,-59,-73,-21,-93,-122,-121,0,-51,-19]} 1. c4 Nf6 2. Nc3 e5 3. Nf3 Nc6 4. g3 Bb4 5. Bg2 Bxc3 6. bxc3 d6 7. O-O O-O 8. d3 h6 9. h3 {[%cal Bh2h3,Bh3h4][%mdl 32]} Re8 10. e4 {LiveBook: 3 Games} Nh7 $146 {A29: English Opening: Four Knights Variation with 4 g3} ({Predecessor:} 10... b6 11. Be3 Bd7 12. Qd2 Nh7 13. Kh2 Rb8 14. Ng1 Ne7 15. f4 exf4 16. Bxf4 Ng6 17. Be3 Qe7 18. Rae1 {1-0 (47) Porras Mateo,F (2448)-Fernandez Diaz Mascort,M (2233) Cerdanyola del Valles 2015}) 11. Rb1 b6 12. Nh2 {[%cal Bf3h2,Bh2g4,Bg4e3,Be3d5][%mdl 32]} Ng5 {White has an edge.} 13. h4 Ne6 14. Ng4 Nc5 15. Ne3 Bd7 16. Nd5 Ne7 17. d4 (17. f4 $14) 17... Ne6 (17... exd4 $11 18. cxd4 Nxd5 19. exd5 Bf5) 18. Ne3 c5 19. d5 Nf8 20. h5 f5 21. f4 exf4 22. Rxf4 {[%cal Re4f5]} fxe4 23. Bxe4 Nh7 24. Bg2 ({White should try} 24. Bxh7+ $1 $14 Kxh7 25. Rb2) 24... Ng5 25. Kh2 (25. Rb2 {keeps more tension.} Kh8 26. Qf1 Ng8 27. Rbf2 Re5 28. Rf8) 25... Rf8 26. Rb2 (26. Ng4 $15) 26... Rxf4 $1 $17 27. gxf4 Nh7 $1 28. Bd2 Nf5 (28... Qf8 $19 29. Qf3 Qf7) 29. Nxf5 Bxf5 30. Be1 Nf6 31. Bf3 Qf8 32. Bh4 {[#]} Re8 (32... Qf7 $1 $17 33. Rg2 Rf8) 33. Re2 $15 Qf7 (33... Rxe2+ $17 34. Qxe2 Kf7) 34. Bxf6 (34. Rxe8+ $11 Nxe8 35. Qe2) 34... Rxe2+ $17 ({Reject} 34... gxf6 $6 {[#]} 35. Bg4 $1 $11 {[%mdl 512]}) 35. Qxe2 gxf6 (35... Qxf6 $17 36. Qe8+ Kh7) 36. Qf2 ({White should play} 36. Bg4 $11 Bxg4 37. Qxg4+ Kh8 38. Qf5) 36... Bd3 {Precision: White = 36%, Black = 31%.} 1/2-1/2

[Event "RUS-chT Blitz Men 2018"]
[Site "Sochi"]
[Date "2018.10.10"]
[Round "15"]
[White "Chekhov, Sergei"]
[Black "Bocharov, Dmitry"]
[Result "0-1"]
[WhiteElo "2463"]
[BlackElo "2557"]
[Annotator "TA"]
[PlyCount "90"]
[EventDate "2018.10.10"]
[EventType "swiss"]
[EventCountry "RUS"]
[SourceTitle "playchess.com"]
[Source "ChessBase"]
[SourceQuality "1"]

{[%evp 21,90,0,0,-11,-8,-28,-6,-8,0,-19,-24,-38,-20,-25,-9,-54,0,16,19,-14,0,-9,0,-8,-16,-43,-20,-33,-20,-18,-21,-31,-31,-31,-31,-31,-31,-32,-32,-32,-32,-32,-32,-35,0,-39,-16,-18,-18,-18,0,0,0,-16,-11,-11,-8,-20,0,-79,-79,-117,-110,-278,-269,-364,-364,-555,-547,-537,-526]} 1. e4 c5 2. c3 Nf6 3. e5 Nd5 4. d4 cxd4 5. Qxd4 e6 6. Bc4 Nc6 7. Qe4 d6 8. exd6 {B22: Sicilian: 2 c3} Nf6 9. Qe2 Bxd6 10. Nf3 O-O 11. O-O Qc7 {LiveBook: 3 Games} 12. h3 $146 ({Predecessor:} 12. Nbd2 Bd7 13. Re1 Rad8 {1-0 (37) Godena,M (2507)-Rooze,J (2307) Walbrzych 2018}) 12... a6 13. Bg5 Be7 14. Nbd2 b5 15. Bb3 Bb7 16. Rfe1 Rad8 17. Rad1 h6 18. Bh4 Nd5 (18... Nh5 $15 19. Bxe7 Nf4) 19. Bg3 $11 Qc8 20. Nh2 Rfe8 21. Ndf3 Na5 22. Bc2 Nc4 23. Bb1 Nf6 24. Ng4 Nxg4 25. hxg4 Bf6 26. Ne5 Nxe5 27. Bxe5 Qc6 {[%csl Gb7][%cal Rc6g2]} 28. f3 Qc5+ 29. Rd4 $1 Bxe5 30. Qxe5 Qxe5 31. Rxe5 Rxd4 32. cxd4 $15 {[%mdl 4096] Endgame KRB-KRB} Rc8 {White must now prevent ...Rc1+.} 33. Re1 Bd5 34. Kf2 b4 35. Ke3 a5 36. Kd2 Rc4 37. Ke3 Kf8 38. Bd3 Rc7 39. Ra1 Rb7 40. a3 (40. Rc1 $11 {remains equal.}) 40... bxa3 $17 41. bxa3 {[#]} Rb2 $1 42. g3 $2 (42. Bf1 $17) 42... Rb3 $19 43. a4 {[#]} Bxf3 $1 {[%mdl 512]} 44. Rb1 (44. Kd2 $142) (44. Kxf3 Rxd3+) 44... Rxb1 45. Bxb1 Bd1 {Precision: White = 36%, Black = 64%.} 0-1

[Event "RUS-chT Blitz Men 2018"]
[Site "Sochi"]
[Date "2018.10.10"]
[Round "15"]
[White "Gutenev, Alexander"]
[Black "Kozionov, Kirill"]
[Result "1/2-1/2"]
[WhiteElo "2456"]
[BlackElo "2458"]
[Annotator "TA"]
[PlyCount "144"]
[EventDate "2018.10.10"]
[EventType "swiss"]
[EventCountry "RUS"]
[SourceTitle "playchess.com"]
[Source "ChessBase"]
[SourceQuality "1"]

{[%evp 14,144,42,35,44,29,38,57,42,0,0,0,0,0,73,85,92,78,87,-77,-104,-92,-54,-71,-51,-68,-60,-58,0,0,0,-61,-64,-147,-142,-133,-129,-150,-133,-118,-110,-111,-85,-129,-12,-16,-8,-10,-10,-10,-8,-8,0,-1,0,0,0,0,-7,-12,-12,-12,-12,-12,-12,-52,-8,-8,-8,-87,-109,-113,-8,-8,-8,-8,-8,-8,0,-8,-7,-8,-8,-8,-8,-17,0,-11,0,0,0,0,0,0,0,0,0,0,0,0,0,0,0,0,37,44,52,53,60,0,0,0,0,0,273,273,300,0,0,0,0,0,0,0,0,0,0,0,0,0,29986,0,0]} 1. e4 c5 2. Nf3 d6 3. d4 cxd4 4. Nxd4 Nf6 5. Nc3 a6 6. h3 g6 7. g4 Bg7 8. Bg2 O-O {B90: Sicilian Najdorf: Unusual White 6th moves, 6 Be3 Ng4 and 6 Be3 e5} 9. Be3 Bd7 10. Qd2 Nc6 {White is slightly better.} 11. g5 (11. O-O-O Rc8 12. Nde2 b5 13. Nd5 a5 14. Bb6 Qe8 15. Kb1 Rb8 16. Be3 {½-½ (33) Radjabov,T (2738)-Smirin,I (2655) Baku 2015}) 11... Nh5 12. Bf3 Ne5 13. Bxh5 Nc4 (13... gxh5 $11 {keeps the balance.} 14. O-O-O Rc8) 14. Qe2 $16 Nxe3 $146 ({Predecessor:} 14... Nxb2 15. O-O gxh5 16. Rab1 {0-1 (39) Kalogridakis,T (1843)-Tsaknakis,Z (1899) Nikaia 2014}) 15. Qxe3 gxh5 16. Nf5 $2 (16. O-O-O $16 {stays on course.}) 16... Bxf5 17. exf5 Qa5 $36 {[%mdl 2048] Black has the initiative.} 18. f6 exf6 19. O-O-O $1 {[#] gxf6 is the strong threat.} Rfe8 ({Much worse is} 19... fxg5 $6 20. Rd5 $14) 20. Qf3 $1 fxg5 ({Black should try} 20... f5 $1 $15 21. Rd5 b5) 21. Rd5 $1 $11 {[%cal Rd5a5]} Qd8 22. Ne4 (22. Qxh5 $11 Re6 23. Rf5 (23. Rxg5 Rg6 $15) (23. Qxg5 Qxg5+ 24. Rxg5 Kf8 $11)) 22... Re5 $15 23. Nxd6 (23. Rxe5 $1 $15 Bxe5 24. Qxh5) 23... Qf6 $17 24. Qxf6 Bxf6 25. Rhd1 Rxd5 26. Rxd5 {[%mdl 4096] Endgame KRB-KRN} Rd8 27. c4 b6 28. b4 Be7 (28... Kf8 $17 {Threatening ...Be7.} 29. a3 Be7) 29. Nf5 $1 $11 {[%cal Rf5e7]} Kf8 {Threatens to win with ...Rxd5.} 30. Nxe7 Kxe7 31. Rxg5 {KR-KR} Rd4 32. c5 Rxb4 {Strongly threatening ...Rc4+.} 33. cxb6 Rxb6 34. Rxh5 h6 35. Kc2 Rf6 36. Kb3 Rf3+ 37. Kb4 Rxf2 38. a4 Rf6 39. a5 Kf8 40. Kc5 Kg7 41. Kd4 (41. Re5 $11) 41... Kg6 42. Rc5 h5 (42... Re6 $17 43. Rc3 f6 44. Rg3+ Kh5) 43. Ke4 h4 44. Rc4 Kg5 45. Rc5+ Kg6 46. Rc4 Kh5 47. Rc5+ Kh6 48. Rd5 Kg6 49. Rc5 Kg7 50. Rh5 Rh6 51. Rc5 Kf8 52. Kf4 Kg7 53. Kg5 Rh7 54. Rc7 Rh8 55. Rc6 Ra8 56. Kxh4 Ra7 57. Kg5 Ra8 58. h4 {[%cal Bh3h4,Bh4h5,Bh5h6][%mdl 32]} Ra7 59. h5 Kh7 60. h6 Ra8 61. Rc7 (61. Rb6 $14) 61... Rg8+ $1 62. Kf4 Rf8 63. Rc6 f6 $2 {[%mdl 8192]} (63... Rb8 $1 $11 {and Black stays safe.}) 64. Kf5 $18 Kxh6 65. Rxf6+ $2 ({White has to play} 65. Rxa6 $18 Rc8 66. Kxf6) 65... Rxf6+ $11 66. Kxf6 $18 {KP-KP} Kh7 67. Ke6 {[#] White wants to mate with Kd6.} Kg6 68. Kd6 Kf6 69. Kc6 {Kb7 would kill now.} Ke6 70. Kb6 Kd7 71. Kxa6 {Threatening mate with Kb7.} Kc6 72. Ka7 Kc7 {Precision: White = 60%, Black = 65%.} 1/2-1/2

[Event "RUS-chT Blitz Men 2018"]
[Site "Sochi"]
[Date "2018.10.10"]
[Round "15"]
[White "Usmanov, Vasily"]
[Black "Papenin, Nikolai"]
[Result "0-1"]
[WhiteElo "2453"]
[BlackElo "2334"]
[Annotator "TA"]
[PlyCount "90"]
[EventDate "2018.10.10"]
[EventType "swiss"]
[EventCountry "RUS"]
[SourceTitle "playchess.com"]
[Source "ChessBase"]
[SourceQuality "1"]

{[%evp 9,90,20,35,32,26,0,0,0,0,0,14,-4,15,0,44,-5,-24,-32,29,22,13,11,75,-8,-13,-70,-70,-70,-71,-232,-128,-129,-133,-127,-133,-112,-133,-133,-123,-116,-53,-132,-132,-132,-130,-129,-114,-118,-114,-118,-106,-109,-91,-106,-106,-106,-108,-114,-106,-111,-78,-121,-95,-114,-112,-104,-48,-181,-178,-217,-218,-258,-251,-239,-208,-443,-168,-427,-204,-4435,-3150,-3288,-2741]} 1. d4 Nf6 2. Bg5 c5 3. Bxf6 gxf6 4. d5 f5 5. c4 b5 (5... Bg7 6. Qc2 Qa5+ 7. Nc3 Bxc3+ 8. bxc3 d6 9. Nf3 Nd7 10. e3 Rg8 11. g3 Nf6 12. Nd2 Bd7 {½-½ (25) Yakubboev,N (2512)-Adhiban,B (2671) Hamedan 2018}) 6. cxb5 {A45: Damenbauernspiele (Trompowski-Angriff)} a6 7. bxa6 Bg7 $146 ({Vorgänger:} 7... Bxa6 8. Nc3 d6 9. e3 Bxf1 10. Kxf1 Nd7 11. Nge2 Nf6 12. Qc2 Qd7 13. Rd1 h5 14. h4 Bh6 15. Rh3 Ng4 16. Nf4 Bg7 17. Kg1 Bf6 18. b3 Nxf2 19. Kxf2 {1-0 (19) Schmidt,C-Erdogan,U (2207) Germany 2004}) 8. Nc3 {Die Stellung ist ausgeglichen.} Qa5 9. Qd2 Nxa6 {[%cal Bb8a6,Ba6b4,Bb4d5,Bd5c3][%mdl 32]} 10. g3 Rb8 {Und ...Txb2 würde nun gewinnen.} 11. Rc1 Nb4 12. b3 Qa3 13. Nf3 {[#]} O-O (13... Nxa2 $1 $15 {[%mdl 512]} 14. Nxa2 Rxb3) 14. Bh3 e6 15. O-O Bb7 {[#]} (15... Ba6 $11) 16. Rfd1 ({Lieber} 16. Nh4 $1 $16) 16... Nxd5 $11 17. Nb5 (17. Nxd5 $11 Bxd5 18. Ne1) 17... Qb4 $15 18. Qxb4 cxb4 19. Nd6 $2 (19. Nfd4 $17) 19... Bc6 (19... Nc3 $19 20. Re1 Bd5) 20. Rc2 Nc3 21. Rdd2 Nxe2+ 22. Rxe2 {zielt auf Se5 ab.} Bxf3 23. Re3 Bc6 24. Bg2 Bc3 (24... Rb6 $17 {Weiss muss nun ...Lxg2 beachten.} 25. Rd3 Ra6 26. Bxc6 Rxc6 27. Rxc6 dxc6) 25. Bxc6 (25. a4 $15) 25... dxc6 $17 26. Nc4 Rfd8 27. Kg2 Ra8 28. h3 Ra6 29. g4 fxg4 30. hxg4 Rd1 31. Kf3 Kg7 32. Ree2 Rd3+ 33. Kg2 Rd4 34. Kg3 Kg6 35. f4 Rd3+ 36. Re3 Rd1 37. Kf3 h5 ({Günstiger ist} 37... c5 $17 38. Ree2 h6) 38. f5+ (38. gxh5+ $15 Kxh5 39. Ne5 Bxe5 40. Rxe5+ Kg6 41. Rec5) 38... exf5 $19 39. gxh5+ Kxh5 40. Rg2 Rf1+ 41. Ke2 {[%cal Re3h3] [#]} Rh1 $1 {...f4 ist eine echte Drohung.} 42. Kd3 $2 (42. Kf3) 42... c5 $2 (42... Rd1+ 43. Ke2 Rxa2+ 44. Kxd1 Rxg2) 43. Re8 $2 (43. Rf3) 43... Rg6 (43... Rd1+ $142 44. Kc2 Rxa2+ 45. Kxd1 Rxg2) 44. Rh8+ $2 (44. Rf2) 44... Bxh8 45. Rxg6 fxg6 {Precision: Weiß = 30%, Schwarz = 41%.} 0-1

[Event "RUS-chT Blitz Men 2018"]
[Site "Sochi"]
[Date "2018.10.10"]
[Round "15"]
[White "Sharafiev, Azat"]
[Black "Pogromsky, Mikhail"]
[Result "1/2-1/2"]
[WhiteElo "2432"]
[BlackElo "2415"]
[Annotator "TA"]
[PlyCount "14"]
[EventDate "2018.10.10"]
[EventType "swiss"]
[EventCountry "RUS"]
[SourceTitle "playchess.com"]
[Source "ChessBase"]
[SourceQuality "1"]

{[%evp 12,14,29,2,106]} 1. c4 b6 2. Nf3 Bb7 3. Nc3 c5 4. g3 g6 5. Bg2 Bg7 6. O-O Nc6 7. b3 {LiveBook: 28 Games} Bf8 $146 {A37: Symmetrical English vs ...g6: 4 Bg2 Bg7 5 Nf3} (7... d6 $11 {keeps the balance.}) ({Predecessor:} 7... e6 8. Bb2 Nge7 9. Qc1 O-O 10. Nb5 d5 11. Bxg7 Kxg7 12. Qb2+ Kg8 13. cxd5 Nxd5 14. Rfd1 a6 15. Na3 {½-½ (36) Haria,R (2440)-Tratar,M (2449) Pula 2018}) 1/2-1/2